Automatické určenie nočnej dohľadnosti na letisku
Uložené v:
| Hlavný autor: | |
|---|---|
| Ďalší autori: | |
| Médium: | Rukopis Kniha |
| Jazyk: | Slovak |
| Vydavateľské údaje: |
2023
|
| Predmet: | |
| On-line prístup: | http://is.stuba.sk/zp/portal_zp.pl?podrobnosti=169866 |
| Tagy: |
Žiadne tagy, Buďte prvý, kto otaguje tento záznam!
|
MARC
| LEADER | 00000ntm a22000003a 4500 | ||
|---|---|---|---|
| 001 | stuzp94876 | ||
| 003 | SK-STU | ||
| 005 | 20230909223416.4 | ||
| 007 | ta | ||
| 008 | 150427s2015----xo-----f-mn---000-0-slo-d | ||
| 040 | |a STU |b slo | ||
| 041 | 0 | |a slo | |
| 100 | 1 | |a Vajda, Marek |u 070400 |4 aut |U FIIT Fakulta informatiky a informačných technológií |T FIIT Ústav počítačového inžinierstva a aplikovanej informatiky |X 97087 |U I400 |Y 672 |7 97087 | |
| 242 | 0 | 1 | |a Automatic determination of night visibility at the airport |y eng |
| 245 | 1 | 0 | |a Automatické určenie nočnej dohľadnosti na letisku |
| 260 | |c 2023 | ||
| 650 | 4 | |a nočná dohľadnosť |2 slo | |
| 650 | 4 | |a počítačové videnie |2 slo | |
| 650 | 4 | |a konvolučné neurónové siete |2 slo | |
| 650 | 4 | |a night visibility |2 eng | |
| 650 | 4 | |a computer vision |2 eng | |
| 650 | 4 | |a convolutional neural networks |2 eng | |
| 700 | 1 | |a Malkin Ondik, Irina |4 ths |X 77701 |7 77701 | |
| 856 | 4 | |u http://is.stuba.sk/zp/portal_zp.pl?podrobnosti=169866 | |